Регионална библиотека "Любен Каравелов" - Русе

Щастливия принц (Запис номер 148744)

MARC детайли
000 -Лидер
Контролно поле с фиксирана дължина 01593nam a2200337 c 4500
003 - Код на организацията, давaща контролен номер
Контролно поле BLK
005 - Дата и час на последна редакция
Контролно поле 20250430120023.0
008 - Елементи от данни с фиксирана дължина
fixed length control field 180410b bul|||||r ||||||| ||bul||
010 ## - Наследен системен номер
LC control number KNG00154969000
040 ## - Източник на каталожния запис
Идентификатор на билиотеката - собственик на записа BLK
041 ## - Код за език
Код за езика на текст/звукозапис или на отделно заглавие Български
Код за езика КДБФ Български
080 ## - УДК
Текстов определител УДК Английска литература
УДК код - определител по УДК 821.111
УДК определител -93-34
УДК - код + определител 821.111-93-34
080 ## - УДК
Текстов определител УДК Английска литература
УДК код - определител по УДК 821.111
УДК определител -34
УДК - код + определител 821.111-34
100 1# - Редна дума - Автор
Автор Уайлд, Оскар
Дати, свързани с автора 1854 - 1900
Автор - информация (биография) Английски писател, поет, драматург
Пълна форма на името Уайлд, Оскар Фингъл О'Флеърти Уилс
R(LIN) 132080
139 ## - Редно поле
Редна дума Уайлд, Оскар
Авторски знак Уаи - У 13
245 10 - Сведения за заглавието
Заглавие Щастливия принц
Подзаглавни данни Приказка
Редно поле (дума) Оскар Уайлд; прев. от англ. Сидер Флорин; ил. Олга Венелинова Паскалева.
250 ## - Област на изданието
Сведения за изданието Ново изд.
257 ## - Страна на издаване
Страна на създаване/издаване Великобритания
260 ## - Област на издателските данни
-- София
Име на издателя, разпространителя и проч. Бълг. писател
Година на издаване 1992
300 ## - Физическа характеристика
Страници 20 с.
Илюстрации и др. с цв. ил.
Размери/Мащаб 30 см
380 ## - Жанр
Жанр Детска худож. лит.
500 ## - Общи забележки
Забележка Кор. опис . - Без сведение за ориг. загл. - Офс. изд. - 15000 тир.
700 1# - Други автори (авторска отговорност)
Лично име Флорин, Сидер Петров
Дати, свързани с автора 1912-1999
Друга информация Преводач от руски и английски език
9 (RLIN) 134445
700 1# - Други автори (авторска отговорност)
Лично име Паскалева, Олга Венелинова
9 (RLIN) 470131
852 ## - Местоположение
Форматна сигнатура Цб ІІ 19204
856 4# - Електронен адрес и достъп
Електронен формат pdf - файл
Път до файла /url/
856 4# - Електронен адрес и достъп
Електронен формат pdf - файл
Път до файла /url/
942 ## - АРТИКУЛИ
Вид на библиотечния материал Книги
Скрит в OPAC Не
Koha issues (borrowed), all copies 3
944 ## - СЪЗДАВАНЕ И РЕДАКЦИЯ на ЗАПИСА
Създаване/Редакция Създаване
Дата на регистрацията/редакция 27.12.2013
Статус, дата на статуса Геновева Генчева
Служител, извършил регистрацията/редакцията 30560
944 ## - СЪЗДАВАНЕ И РЕДАКЦИЯ на ЗАПИСА
Създаване/Редакция Редакция
Дата на регистрацията/редакция 27.12.2013
Статус, дата на статуса 27.12.2013 - от С1,Р / 27.12.2013
Служител, извършил регистрацията/редакцията
999 ## - СИСТЕМНИ КОНТРОЛНИ НОМЕРА
Koha biblionumber 148744
Koha biblioitemnumber 148744
Наличности
Код за отписване Код за изгубен артикул Източник на класификационната схема Код за повреда Коз за рестрикции Код за отдаване Артикулен № Име на библиотеката - собственик Име на библиотеката, в която се намира в момента Статус (Текущо местоположение) Дата на вписване в системата Местоположение - отдел Цена в лева Инвентарен номер Систематично азбучна сигнатура Баркод Номер на екземпляра Цена в евро Служебна бележка Служебен тип на артикула
  Не е изгубен Universal Decimal Classification Не е повреден без рестрикции ползва се в читалня 247798 Регионална библиотека "Любен Каравелов" Русе Регионална библиотека "Любен Каравелов" Русе Хранилище 1992-01-01 Хранилище 0.00 579018 Цб ІІ 19204 120000579018 1 0.00 N: стар фонд Дата: 01.01.1992 Книги
  Не е изгубен Universal Decimal Classification Не е повреден без рестрикции заемане за дома 247799 Регионална библиотека "Любен Каравелов" Русе Регионална библиотека "Любен Каравелов" Русе Детски отдел 1992-01-01 Детски отдел 0.35 580986 ДХ 820/899/У 13 120000580986 2 0.18 N: стар фонд Дата: 01.01.1992 Дата инв: 06.11.2015 Бележки инв: Д2015 Книги
Изтеглен Не е изгубен Universal Decimal Classification Не е повреден без рестрикции заемане за дома 247800 Регионална библиотека "Любен Каравелов" Русе Регионална библиотека "Любен Каравелов" Русе Детски отдел 1992-01-01 Детски отдел 0.70 580987 ДХ 820/899/У 13 580987 3 0.36 N: стар фонд Дата: 01.01.1992 Дата инв: 03.09.2015 Бележки инв: Д2015 Книги
Изтеглен Не е изгубен Universal Decimal Classification Не е повреден без рестрикции заемане за дома 247801 Регионална библиотека "Любен Каравелов" Русе Регионална библиотека "Любен Каравелов" Русе Детски отдел 1992-01-01 Детски отдел 0.70 580988 ДХ 820/899/У 13 580988 4 0.36 N: стар фонд Дата: 01.01.1992 Дата инв: 14.08.2015 Бележки инв: Д2015 Книги
Изтеглен Не е изгубен Universal Decimal Classification Не е повреден без рестрикции заемане за дома 247802 Регионална библиотека "Любен Каравелов" Русе Регионална библиотека "Любен Каравелов" Русе Детски отдел 1992-01-01 Детски отдел 0.70 580989 ДХ 820/899/У 13 580989 5 0.36 N: стар фонд Дата: 01.01.1992 Дата инв: 31.08.2015 Бележки инв: Д2015 Книги
Изтеглен Не е изгубен Universal Decimal Classification Не е повреден без рестрикции заемане за дома 247803 Регионална библиотека "Любен Каравелов" Русе Регионална библиотека "Любен Каравелов" Русе Детски отдел 1992-01-01 Детски отдел 0.70 580990 ДХ 820/899/У 13 580990 6 0.36 N: стар фонд Дата: 01.01.1992 Дата инв: 25.09.2015 Бележки инв: Д2015 Книги
Изтеглен Не е изгубен Universal Decimal Classification Не е повреден без рестрикции заемане за дома 247804 Регионална библиотека "Любен Каравелов" Русе Регионална библиотека "Любен Каравелов" Русе Детски отдел 1992-01-01 Детски отдел 0.70 580991 ДХ 820/899/У 13 580991 7 0.36 N: стар фонд Дата: 01.01.1992 Дата инв: 07.09.2015 Бележки инв: Д2015 Книги
Изтеглен Не е изгубен Universal Decimal Classification Не е повреден без рестрикции заемане за дома 247805 Регионална библиотека "Любен Каравелов" Русе Регионална библиотека "Любен Каравелов" Русе Детски отдел 1992-01-01 Детски отдел 0.70 580993 ДХ 820/899/У 13 580993 8 0.36 N: стар фонд Дата: 01.01.1992 Дата инв: 06.11.2015 Бележки инв: Д2015 Книги
Vip Innovations Ltd, Rousse, Bulgaria 2025